[Event "AUTO-MASTER-2309"]
[Site "http://www.queenalice.com/game.php?id=1364231"]
[Date "2015.6.8"]
[Round "1"]
[White "Lightbug"]
[Black "luismabibbo"]
[Result "1-0"]
[WhiteElo "1993"]
[BlackElo "2008"]

1. d4 d5 2. c4 Nf6 3. Nf3 Bf5 4. Nc3 e6 5. e3 Bb4 6. Qb3 c5 7. a3 Qa5 8. Be2
Bxc3+ 9. bxc3 b6 10. O-O Ne4 11. Bb2 Bg4 12. cxd5 Bxf3 13. Bxf3 Nd2 14. Qd1 Nxf1
15. dxe6 fxe6 16. Bxa8 Qb5 17. Rb1 O-O 18. Qxf1 Qd7 19. Be4 Qe7 20. Bc2 Nd7 21.
Qd3 g6 22. e4 Qh4 23. Rf1 Nf6 24. f3 Rd8 25. Qa6 Rd7 26. Ba4 Re7 27. Qc8+ Kg7
28. dxc5 bxc5 29. Qxc5 Kf7 30. c4 Qh5 31. Qd4 1-0

[Event "AUTO-MASTER-2347"]
[Site "http://www.queenalice.com/game.php?id=1378690"]
[Date "2015.8.20"]
[Round "1"]
[White "NatanEstivallet"]
[Black "luismabibbo"]
[Result "1-0"]
[WhiteElo "2161"]
[BlackElo "2006"]

1. e4 e5 2. Nf3 d6 3. d4 Bg4 4. Bc4 Nf6 5. dxe5 Nxe4 6. Qd5 Be6 7. Qxe4 d5 8.
Bb5+ c6 9. Qa4 cxb5 10. Qxb5+ Qd7 11. Qxd7+ Nxd7 12. Bf4 Bc5 13. O-O O-O 14.
Nbd2 d4 15. Ne4 Bb6 16. Nd6 Bd5 17. Rad1 Bxf3 18. gxf3 Rab8 19. b4 g5 20. Bg3 h5
21. h4 gxh4 22. Bf4 Kh8 23. Kh2 Bc7 24. Rxd4 Kh7 25. c4 Bxd6 26. exd6 b6 27. Re1
Rfe8 28. Re7 Nf8 29. Rxf7+ Kg6 30. Rxa7 Ra8 31. d7 Nxd7 32. Rdxd7 Rxa7 33. Rxa7
1-0

[Event "AUTO-MASTER-2347"]
[Site "http://www.queenalice.com/game.php?id=1378691"]
[Date "2015.8.20"]
[Round "1"]
[White "luismabibbo"]
[Black "NatanEstivallet"]
[Result "1-0"]
[WhiteElo "1996"]
[BlackElo "2168"]

1. e4 c5 2. Bc4 Nc6 3. d3 e6 4. Nc3 d6 5. Nf3 Nf6 6. Bf4 Be7 7. O-O Bd7 8. a3
O-O 9. e5 Nh5 10. exd6 Nxf4 11. dxe7 Qxe7 12. Ne4 Rad8 13. g3 Ng6 14. Nfg5 h6
15. Qh5 Nce5 16. f4 Nxc4 17. dxc4 Bc6 18. g4 Bxe4 19. Nxe4 b6 20. g5 Rd4 21.
Rae1 Kh7 22. f5 Rxe4 23. Rxe4 Qb7 24. fxg6+ fxg6 25. Qh4 Rf5 26. Rxf5 exf5 27.
Re2 Qf3 28. Qf2 Qg4+ 29. Qg2 1-0

[Event "AUTO-MASTER-2347"]
[Site "http://www.queenalice.com/game.php?id=1378704"]
[Date "2015.8.20"]
[Round "1"]
[White "dadge"]
[Black "luismabibbo"]
[Result "1-0"]
[WhiteElo "2177"]
[BlackElo "2019"]

1. e4 e5 2. Nf3 d6 3. d4 Nf6 4. dxe5 Nxe4 5. exd6 Nxd6 6. Bd3 Nc6 7. O-O Be7 8.
Nc3 h6 9. Bf4 Nb4 10. Re1 O-O 11. Bf1 Bf5 12. Nd4 Bg6 13. a3 Na6 14. Bxa6 bxa6
15. Qe2 Re8 16. Nc6 Qd7 17. Nxe7+ Kh7 18. Bxd6 Qxd6 19. Rad1 Qc5 20. Rd5 Qb6 21.
b4 Qc6 22. Rc5 Qd7 23. Re5 f6 24. Re3 Rad8 25. Nxg6 Rxe3 26. Qxe3 Kxg6 27. Qe4+
Kf7 28. h3 Qd2 29. Re3 Qd6 30. Rd3 Qf8 31. Rxd8 Qxd8 32. Qd5+ Ke7 33. Qxd8+ Kxd8
34. Na4 Kd7 35. Nc5+ Kc6 36. Nxa6 Kb6 37. Nc5 f5 38. c4 1-0

[Event "AUTO-MASTER-2347"]
[Site "http://www.queenalice.com/game.php?id=1378705"]
[Date "2015.8.20"]
[Round "1"]
[White "luismabibbo"]
[Black "dadge"]
[Result "0-1"]
[WhiteElo "2009"]
[BlackElo "2224"]

1. e4 e5 2. Nf3 Nc6 3. Bc4 Bc5 4. Nc3 Nf6 5. h3 d6 6. a3 O-O 7. d3 Nd4 8. Be3
Nxf3+ 9. Qxf3 Bxe3 10. Qxe3 c6 11. f4 exf4 12. Qxf4 Nh5 13. Qf3 Qg5 14. Rf1 Be6
15. g4 Bxc4 16. gxh5 Be6 17. Ke2 Rae8 18. Rg1 Qh6 19. Raf1 f5 20. Qf4 Qxh5+ 21.
Kd2 fxe4 22. Qg3 Qh6+ 23. Kd1 Rxf1+ 24. Rxf1 exd3 25. cxd3 d5 26. Re1 Rf8 27. h4
Qf6 28. Qd6 Bg4+ 0-1

[Event "AUTO-MASTER-2347"]
[Site "http://www.queenalice.com/game.php?id=1378712"]
[Date "2015.8.20"]
[Round "1"]
[White "CCapivara"]
[Black "luismabibbo"]
[Result "1-0"]
[WhiteElo "2214"]
[BlackElo "2030"]

1. e4 e5 2. Nf3 d6 3. Bc4 h6 4. O-O Nf6 5. d4 Be7 6. dxe5 Nxe4 7. Qd5 Be6 8.
Qxb7 Nd7 9. Bxe6 fxe6 10. Qxe4 O-O 11. exd6 cxd6 12. Qxe6+ Rf7 13. Nc3 Nc5 14.
Qd5 Rb8 15. Re1 Bf6 16. Nd4 Bxd4 17. Qxd4 Qf6 18. Qxf6 Rxf6 19. b3 Rbf8 20. Be3
a5 21. Rad1 Rc8 22. Bxc5 dxc5 23. Re7 Rf7 24. Rdd7 Rxe7 25. Rxe7 c4 26. Re3 cxb3
27. cxb3 Rd8 28. Kf1 Kh7 29. Ke2 Rb8 30. Kd3 1-0

[Event "AUTO-MASTER-2347"]
[Site "http://www.queenalice.com/game.php?id=1378713"]
[Date "2015.8.20"]
[Round "1"]
[White "luismabibbo"]
[Black "CCapivara"]
[Result "0-1"]
[WhiteElo "2021"]
[BlackElo "2183"]

1. e4 d6 2. Nf3 Nf6 3. Nc3 Bg4 4. h3 Bh5 5. Be2 Nbd7 6. d4 c6 7. e5 Bxf3 8. Bxf3
dxe5 9. dxe5 Nxe5 10. Qxd8+ Rxd8 11. Be2 e6 12. Bf4 Ng6 13. Be3 b6 14. Bf3 Nd5
15. Nxd5 cxd5 16. a3 Bc5 17. Bd2 O-O 18. O-O Ne5 19. Be2 Nc4 20. Bxc4 dxc4 21.
Bc3 Bd4 22. Bxd4 Rxd4 23. Rfd1 Rfd8 24. Rxd4 Rxd4 25. c3 Rd2 26. Rb1 Kf8 27. Kf1
Ke7 28. Ke1 Rc2 29. g4 e5 30. Kf1 Ke6 31. Kg2 g6 32. Kg3 f5 33. f3 g5 34. h4 h6
35. a4 f4+ 36. Kh3 Rf2 37. hxg5 hxg5 38. b3 Rxf3+ 39. Kg2 Rxc3 0-1

[Event "AUTO-MASTER-2380"]
[Site "http://www.queenalice.com/game.php?id=1391456"]
[Date "2015.10.30"]
[Round "1"]
[White "erivaldoadao"]
[Black "luismabibbo"]
[Result "0-1"]
[WhiteElo "1818"]
[BlackElo "1983"]

1. d4 d5 2. Nf3 Nc6 3. e3 Bf5 4. Bd3 e6 5. O-O Qf6 6. Bxf5 Qxf5 7. Nc3 Nf6 8. h3
Nb4 9. Ne1 Bd6 10. a3 Nc6 11. Nb5 Ne4 12. Nxd6+ Nxd6 13. Nd3 Ne4 14. Qe2 O-O-O
15. Nb4 Nxb4 16. axb4 g5 17. c4 Kb8 18. c5 h5 19. b5 g4 20. h4 g3 21. f3 Nf2 22.
b6 Qf6 23. bxc7+ Kxc7 24. Qb5 Qxh4 25. Rxf2 Qh2+ 26. Kf1 gxf2 27. Kxf2 Rhg8 28.
Qf1 a6 29. b4 h4 30. Qg1 Qxg1+ 31. Kxg1 Rg6 32. Kf2 Rdg8 33. g4 hxg3+ 34. Kg2
Rh6 35. f4 Rh2+ 36. Kg1 Rgh8 37. e4 dxe4 38. f5 exf5 39. Bf4+ Kc6 40. Bxg3 Rh1+
0-1

[Event "AUTO-MASTER-2380"]
[Site "http://www.queenalice.com/game.php?id=1391457"]
[Date "2015.10.30"]
[Round "1"]
[White "luismabibbo"]
[Black "erivaldoadao"]
[Result "1-0"]
[WhiteElo "1974"]
[BlackElo "1940"]

1. e4 c5 2. Bc4 e6 3. Nc3 d6 4. d3 Nf6 5. Nf3 Be7 6. e5 dxe5 7. Nxe5 O-O 8. Bf4
Nbd7 9. Qf3 a6 10. O-O-O b5 11. Qxa8 bxc4 12. dxc4 Nb6 13. Rxd8 Nxa8 14. Rxf8+
Bxf8 15. Rd1 Nb6 16. b3 Bb7 17. g3 Nh5 18. Be3 Nf6 19. Rd8 h6 20. Bxc5 1-0

[Event "AUTO-MASTER-2380"]
[Site "http://www.queenalice.com/game.php?id=1391468"]
[Date "2015.10.30"]
[Round "1"]
[White "pizzaiolo72"]
[Black "luismabibbo"]
[Result "1-0"]
[WhiteElo "2174"]
[BlackElo "1982"]

1. b4 e5 2. Bb2 Nc6 3. b5 Nd4 4. e3 Ne6 5. Bxe5 d6 6. Bb2 Nf6 7. Nf3 Bd7 8. a4
c6 9. c4 Nc5 10. d4 Ne6 11. Be2 Ne4 12. Nbd2 Qa5 13. O-O Nxd2 14. Qxd2 Qxd2 15.
Nxd2 Ng5 16. f4 Ne6 17. f5 Nc7 18. e4 Be7 19. d5 f6 20. Bh5+ Kd8 21. bxc6 bxc6
22. Bc3 g6 23. fxg6 hxg6 24. Bxg6 Rh6 25. Bf5 Bxf5 26. Rxf5 cxd5 27. cxd5 Na6
28. Raf1 Rc8 29. Bxf6 1-0

[Event "AUTO-MASTER-2380"]
[Site "http://www.queenalice.com/game.php?id=1391469"]
[Date "2015.10.30"]
[Round "1"]
[White "luismabibbo"]
[Black "pizzaiolo72"]
[Result "0-1"]
[WhiteElo "2002"]
[BlackElo "2141"]

1. e4 e6 2. Bc4 d5 3. exd5 exd5 4. Bb3 Nf6 5. d3 Be7 6. Nf3 Bg4 7. h3 Bh5 8. Be3
h6 9. Nc3 c5 10. g4 Bg6 11. Ne5 d4 12. Nxg6 fxg6 13. Qf3 Nc6 14. g5 dxe3 15.
gxf6 exf2+ 16. Kd2 gxf6 17. Bd5 Qc7 18. Nb5 Qa5+ 19. Nc3 Qc7 20. Qe4 f5 21. Nb5
Qa5+ 22. Nc3 fxe4 0-1

[Event "AUTO-MASTER-2380"]
[Site "http://www.queenalice.com/game.php?id=1391474"]
[Date "2015.10.30"]
[Round "1"]
[White "nemeth"]
[Black "luismabibbo"]
[Result "1-0"]
[WhiteElo "2254"]
[BlackElo "1992"]

1. e4 e5 2. Nc3 Bc5 3. Bc4 Nf6 4. d3 d6 5. h3 Nc6 6. Bg5 h6 7. Be3 Bxe3 8. fxe3
Bd7 9. Nf3 a6 10. O-O Ne7 11. Ne2 Ng6 12. Ng3 c6 13. Bb3 Qb6 14. Qd2 c5 15. Nf5
O-O 16. Qf2 d5 17. N3h4 Be6 18. Nxh6+ Kh7 19. exd5 Nxd5 20. N6f5 Rh8 21. Bxd5
Bxd5 22. Nxg6 fxg6 23. Ne7 g5 24. Nxd5 Qd6 25. Qf5+ Kh6 26. h4 Qg6 27. hxg5+ Kh7
28. Qh3+ Kg8 29. Ne7# 1-0

[Event "AUTO-MASTER-2380"]
[Site "http://www.queenalice.com/game.php?id=1391475"]
[Date "2015.10.30"]
[Round "1"]
[White "luismabibbo"]
[Black "nemeth"]
[Result "0-1"]
[WhiteElo "1986"]
[BlackElo "2288"]

1. e4 e5 2. Nf3 Nc6 3. Bb5 Bc5 4. Nc3 Nge7 5. Ng5 Ng6 6. d3 Qf6 7. Nf3 h6 8. Nd5
Qd8 9. Bd2 O-O 10. Bc3 d6 11. a3 Nd4 12. Bc4 c6 13. b4 cxd5 14. Bxd5 Bb6 15. h3
Be6 16. a4 Bxd5 17. exd5 Nh4 18. a5 Ndxf3+ 19. gxf3 Bd4 20. Bxd4 exd4 21. f4 Qf6
22. Qg4 Rfe8+ 23. Kd2 Ng6 24. f5 Nh4 25. Rhg1 Nxf5 26. Rae1 Nh4 27. Rg3 Rxe1 28.
Kxe1 Re8+ 29. Kd2 Qg5+ 30. Qxg5 hxg5 31. Rg4 f5 32. Rg3 f4 33. Rg4 Nf3+ 34. Kc1
Re1+ 35. Kb2 Re2 36. Rg2 Ne1 37. Rxg5 Rxc2+ 38. Kb3 Rxf2 39. Kc4 Nf3 40. Rg4
Rc2+ 0-1

[Event "AUTO-MASTER-2947"]
[Site "http://www.queenalice.com/game.php?id=1608125"]
[Date "2020.4.18"]
[Round "1"]
[White "luismabibbo"]
[Black "pomar"]
[Result "0-1"]
[WhiteElo "1928"]
[BlackElo "2081"]

1. e4 e6 2. Nc3 c5 3. Bc4 Nc6 4. Nf3 a6 5. a3 b5 6. Bb3 Bb7 7. d3 Qc7 8. Be3 Nf6
9. h3 h6 10. Qd2 Bd6 11. O-O-O b4 12. axb4 cxb4 13. Na4 a5 14. d4 Nxe4 15. Qe2
Ne7 16. Nd2 Rc8 17. Nc4 Bf4 18. Ncb6 Rb8 19. Bc4 Bxe3+ 20. Qxe3 Nd6 21. Bd3 O-O
22. h4 Bc6 23. d5 Bxa4 0-1

[Event "AUTO-MASTER-2947"]
[Site "http://www.queenalice.com/game.php?id=1608126"]
[Date "2020.4.18"]
[Round "1"]
[White "pomar"]
[Black "luismabibbo"]
[Result "1-0"]
[WhiteElo "2091"]
[BlackElo "1918"]

1. f3 e5 2. Kf2 Nc6 3. e3 Bc5 4. c4 Nf6 5. Nc3 d6 6. a3 a6 7. b4 Bb6 8. Bb2 Bf5
9. Na4 Ba7 10. c5 b5 11. cxb6 cxb6 12. Bxa6 Ne7 13. Bb5+ Bd7 14. Qe2 Nfd5 15.
Qd3 Nc7 16. Nc3 O-O 17. Bxd7 Qxd7 18. Ne4 Rfd8 19. Ne2 Ned5 20. N2c3 Nxc3 21.
dxc3 h6 22. Rhd1 Ne8 23. c4 Rac8 24. Bxe5 Bb8 25. Rac1 Rc7 26. Nxd6 Rc6 27. c5
1-0

[Event "AUTO-MASTER-2947"]
[Site "http://www.queenalice.com/game.php?id=1608128"]
[Date "2020.4.18"]
[Round "1"]
[White "OzzyOzPawn"]
[Black "luismabibbo"]
[Result "1-0"]
[WhiteElo "2089"]
[BlackElo "1972"]

1. e4 e5 2. Nf3 d6 3. h3 Nf6 4. Bc4 h6 5. d3 Nc6 6. O-O a6 7. Nc3 Bd7 8. Re1 Na5
9. Bd5 c6 10. Bb3 Nxb3 11. axb3 1-0

[Event "AUTO-MASTER-2947"]
[Site "http://www.queenalice.com/game.php?id=1608129"]
[Date "2020.4.18"]
[Round "1"]
[White "luismabibbo"]
[Black "Tonto"]
[Result "0-1"]
[WhiteElo "2001"]
[BlackElo "1987"]

1. e4 e5 2. Nf3 d6 3. Bc4 h6 4. Nc3 c6 5. d3 a5 6. a3 b5 7. Bb3 a4 8. Ba2 Nf6 9.
Be3 Be7 10. h3 Nbd7 11. d4 Ba6 12. Qd2 c5 13. dxc5 dxc5 14. Nd5 O-O 15. O-O-O b4
16. Nxf6+ Nxf6 17. Bd5 bxa3 18. bxa3 c4 19. Bxa8 Bxa3+ 20. Kb1 Qb8+ 0-1

[Event "AUTO-MASTER-2947"]
[Site "http://www.queenalice.com/game.php?id=1608130"]
[Date "2020.4.18"]
[Round "1"]
[White "Tonto"]
[Black "luismabibbo"]
[Result "1-0"]
[WhiteElo "1959"]
[BlackElo "2019"]

1. e4 e5 2. Nf3 d6 3. Nc3 Nf6 4. d4 exd4 5. Nxd4 c5 6. Nf5 Bxf5 7. exf5 Nc6 8.
Be2 Nd4 9. Bf4 Nxf5 10. O-O Qb6 11. Bb5+ Nd7 12. Qe2+ Be7 13. Bxd7+ Kxd7 14. Nd5
Qd8 15. Qb5+ Kc8 16. c3 Re8 17. b4 b6 18. bxc5 bxc5 19. Qc6+ 1-0